000 00674nam a2200181Ia 4500
003 GCL
008 140319s9999 xx 000 0 ara d
040 _aGCL /
_cGCL
082 0 4 _a314.24
_bا م
100 1 _aالسيد محمد جبر
245 1 0 _aالمركز الدولى للأقليات فى القانون الدولى العام مع المقارنة بالشريعة الاسلامية /
_cالسيد محمد جبر
260 _a[S.N] :
_bمكتبه النهضه المصريه ،
_c1990
300 _a627 ص
490 _aسلسلة الكتب القانونية
_v0
650 0 4 _aالقانون
650 0 4 _aالقانون الدولى
942 _2ddc
_cBK
999 _c55920
_d55920